Tear in My Heart - Twenty One Pilots lyrics - Statistics

General Stats
  • This quiz has been taken 596 times
  • The average score is 293 of 335
Answer Stats
Answer % Correct
a
99%
heart
99%
I
99%
in
99%
my
99%
My
99%
tear
99%
I'm
98%
the
97%
you
97%
You
97%
on
96%
She's
96%
so
96%
me
95%
But
94%
to
94%
To
94%
alive
93%
fire
93%
Take
92%
take
92%
your
92%
ever
90%
been
89%
I've
89%
Than
89%
than
89%
That
89%
car
87%
okay
86%
and
85%
it
84%
higher
83%
show
83%
time
83%
how
82%
is
82%
around
81%
asleep
81%
fell
81%
holes
81%
with
81%
come
80%
have
80%
know
80%
Sometimes
80%
drove
79%
sleep
79%
takes
79%
you're
79%
bleed
78%
soul
78%
whole
78%
avoid
77%
fine
77%
gotta
77%
just
77%
cursing
76%
fill
76%
For
76%
taxes
76%
not
75%
song
75%
cement
74%
I'll
74%
more
74%
using
74%
driving
73%
government
73%
here
73%
that's
73%
face
72%
music
71%
someone
71%
taste
71%
are
70%
radio
70%
butcher
64%
Songs
64%
sit
62%
smile
61%
Oh
59%
oh
59%
armor
50%
carver
50%
farther
47%
Cut
42%
No matching quizzes found
Score Distribution
Percent of People with Each Score
Percentile by Number Answered
Your Score History
You have not taken this quiz